Non siamo angeli /

Un albo illustrato per mostrare quanto i bambini possano essere diversi fra loro , dotati ciascuno di passioni, entusiasmi e capacità che li rendono unici.

Saved in:
书目详细资料
主要作者: Risari, Guia
其他作者: Baladan, Alicia (Illustrator)
格式: 图书
语言:意大利语
出版: Cagli : Settenove, 2021,
丛编:Albi illustrati e cartonati
标签: 添加标签
没有标签, 成为第一个标记此记录!

MARC

LEADER 00000nam a22000007i 4500
001 IT\ICCU\MOD\1735973
003 ItRI
005 20260115232208.0
008 220318s2021 it |||||| ||||| |||||c
020 |a 9788898947744 
040 |b ita  |c importazione bologna sebina 
041 7 |a ita  |2 ISO-639-2 
100 1 |a Risari, Guia  |0 IT\ICCU\MILV\215288 
240 1 0 |a Non siamo angeli  |3 IT\ICCU\MOD\1735974  |9 Risari, Guia 
245 1 0 |a Non siamo angeli /  |c Guia Risari e Alicia Baladan. 
260 |a Cagli :  |b Settenove,  |c 2021,  |g (stampa 2022) 
300 |a 1 volume (senza paginazione) :  |b ill. ;  |c 29 cm 
520 |a Un albo illustrato per mostrare quanto i bambini possano essere diversi fra loro , dotati ciascuno di passioni, entusiasmi e capacità che li rendono unici. 
700 1 |a Baladan, Alicia  |0 IT\ICCU\MODV\641657  |4 ill 
830 0 |a Albi illustrati e cartonati  |0 IT\ICCU\UBO\4379629 
942 |2 ddc  |c BK  |n 0 
952 |0 0  |1 0  |4 0  |6 R_853_920000000000000_RIS  |7 0  |9 21745  |a BO  |b BO  |d 2026-01-15  |i 20440  |l 0  |o R 853.92 RIS  |p BO20440  |r 2026-01-15 23:22:08  |w 2026-01-15  |x [Sebina 5] [1 v.]  |y BK  |z 1 v. 
999 |c 18578  |d 18578